Enfermedades infecciosas e intoxicaciones / (Record no. 178508)

MARC details
000 -LEADER
campo de control de longitud fija 01163nam a2200313 i 4500
001 - NÚMERO DE CONTROL
campo de control 178508
003 - IDENTIFICADOR DE NÚMERO DE CONTROL
campo de control ES-MaACL
005 - FECHA Y HORA DE LA ÚLTIMA TRANSACCIÓN
campo de control 20250721200224.0
008 - DATOS DE LONGITUD FIJA--INFORMACIÓN GENERAL
campo de control de longitud fija 110606s1985 sp ao ||||1| spa d
020 ## - NÚMERO INTERNACIONAL ESTÁNDAR DEL LIBRO
Número Internacional Estándar del Libro 84-86152-06-2
080 ## - NÚMERO DE LA CLASIFICACIÓN DECIMAL UNIVERSAL
Número de la Clasificación Decimal Universal 616.9(075.8)
080 ## - NÚMERO DE LA CLASIFICACIÓN DECIMAL UNIVERSAL
Número de la Clasificación Decimal Universal 616-099(075.8)
100 1# - ENTRADA PRINCIPAL--NOMBRE DE PERSONA
Nombre de persona Lozano Tonkin, Carlos.
9 (RLIN) 74471
245 10 - MENCIÓN DEL TÍTULO
Título Enfermedades infecciosas e intoxicaciones /
Mención de responsabilidad, etc. por Carlos Lozano Tonkin ; colaboran, Ramón Cigüenza Gabriel, Tomás García Tenorio, Eduardo Montero Ruiz.
250 ## - MENCION DE EDICION
Mención de edición 3ª ed.
260 ## - PUBLICACIÓN, DISTRIBUCIÓN, ETC.
Lugar de publicación, distribución, etc. Madrid :
Nombre del editor, distribuidor, etc. Luzán 5,
Fecha de publicación, distribución, etc. 1985.
300 ## - DESCRIPCIÓN FÍSICA
Extensión 336 p. :
Otras características físicas il. ;
Dimensiones 24 cm.
490 1# - MENCIÓN DE SERIE
Mención de serie Pregrado: colección de lecciones de patología médica ;
Designación de volumen o secuencia 6
500 ## - NOTA GENERAL
Nota general Incluye test.
504 ## - NOTA DE BIBLIOGRAFÍA, ETC.
Nota de bibliografía, etc. Bibliografía: p. 336.
650 17 - PUNTO DE ACCESO ADICIONAL DE MATERIA--TÉRMINO DE MATERIA
Término de materia o nombre geográfico como elemento de entrada Enfermedades infecciosas
Fuente del encabezamiento o término embne
9 (RLIN) 135986
650 #4 - PUNTO DE ACCESO ADICIONAL DE MATERIA--TÉRMINO DE MATERIA
Término de materia o nombre geográfico como elemento de entrada Intoxicaciones.
9 (RLIN) 147160
700 1# - ENTRADA AGREGADA--NOMBRE PERSONAL
Nombre de persona Cigüenza Gabriel, Ramón.
9 (RLIN) 38818
700 1# - ENTRADA AGREGADA--NOMBRE PERSONAL
Nombre de persona García Tenorio, Tomás.
9 (RLIN) 146935
700 1# - ENTRADA AGREGADA--NOMBRE PERSONAL
Nombre de persona Montero Ruiz, Eduardo.
9 (RLIN) 146936
830 0# - PUNTO DE ACCESO ADICIONAL DE SERIE-TÍTULO UNIFORME
Título uniforme Pregrado: colección de lecciones de patología médica ;
Designación de volumen o secuencia 6
9 (RLIN) 191005
852 ## - LOCALIZACIÓN
Ubicación ES-MaACL
Número de control de estantería E-15259
Encuadernación Olim P-1047
Holdings
Estatus retirado Estado de pérdida Estado de daño No para préstamo Biblioteca de origen Biblioteca actual Ubicación en estantería Fecha de adquisición Fuente de adquisición Total de préstamos Signatura topográfica completa Código de barras Visto por última vez Precio de reemplazo Tipo de ítem Koha
        Biblioteca del Ateneo de Madrid Biblioteca del Ateneo de Madrid Depósito 2 06/06/2011     E-15259 1187511 23/02/2023 23/02/2023 Libro impreso